02048cam a2200265 a 4500001001000000003000900010005001700019008004100036040002500077082002200102245005300124260004400177300002100221490003200242500005200274505102000326650005001346650003201396651005301428740002701481942001401508952013201522952011101654999001701765000013637DO-SdBNP20251118122141.0790201s1977 cr 001 0 spa  aDO-SdBNPbspacBNPHU 4a 346.73086bB213i03aLa Banca de interés social en América Latina aSan José, Costa Rica :bCEDAL,c1977. a141 p. ;c24 cm.1 aSeminarios y documentosv28 aTítulo de la cubierta: Documentos de trabajo. a Brenes, P. et al. La banca obrera en la Alemania contemporáne.--Lewinsky. A. Los bancos de trabajadores de Latinoamérica y del Caribe y el Banco Hapoalim de Israel.--Regev, A. Características de los bancos de trabajadores en América Latina.--Bustamente, J. et al. Colombia: instituciones financieras de interés social.--Murillo, L. A. et al. El Banco Popular y de Desarrollo Comunal.--Castillo, G. Costa Rica: el financiamiento comunal.--Rose, F. L. Jamaica: desarrollo del Banco de los Trabajadores.--Saviñón, R. E. República Dominicana: el Banco de los Trabajadores.--Pinto, F. O. y Staback, C. A. Venezuela: El Banco de los Trabajadores.--Becerra, P. J. et al. Necesidades y posibilidades de mejoramiento en las formas de cooperación entre instituciones financieras de interés social en América Latina.--Araujo, R. et al. Modelos de cooperación entre instituciones financieras de interés social.--Araya, R. et al. Cooperación entre bancas de interés social a nivel latinoamericano. 4aBancos cooperativos zAmérica Latina931049 4aBancos cooperativos 931050 4aAmérica LatinaxCondiciones económicas957780 aDocumentos de trabajo. 2ddccLBS1 00102ddc50718MOaGRbGRcHDd2009-11-26iLF1l0oBNPHU GR 334.2 B213ip13637-10r2020-06-25w2020-06-25yLBS1ZNo se presta 001150718MOaGRbGRcMId2009-12-09iLF1l0o p13637-20r2020-06-25te. 2w2020-06-25y1ZNo se presta c13251d13251